Guanacaste:sesquicentenario de la Anexión (Registro nro. 9840)
[ vista simple ]
| 000 -CABECERA | |
|---|---|
| campo de control de longitud fija | 00685nam a22002657a 4500 |
| 005 - FECHA Y HORA DE ACTUALIZACIÓN | |
| campo de control | 20170908133544.0 |
| 008 - LONGITUD FIJA | |
| campo de control de longitud fija | 170822b xxu||||| |||| 00| 0 spa d |
| 020 ## - INTERNATIONAL STANDARD BOOK NUMBER | |
| Número Internacional Estándar del Libro | 9789930957240 |
| 041 ## - IDIOMA | |
| Código de idioma del texto/pista de sonido o título separado | |
| 082 ## - CLASIFICACIÓN DECIMAL DEWEY | |
| Número de clasificación | 972.866 H557c |
| 100 ## - AUTOR PERSONAL | |
| Nombre de persona | Hernández, Mireya |
| 245 ## - TÍTULO PROPIAMENTE DICHO | |
| Título | Guanacaste:sesquicentenario de la Anexión |
| 260 ## - PIE DE IMPRENTA | |
| Lugar de publicación, distribución, etc. | Costa Rica |
| 260 ## - PIE DE IMPRENTA | |
| Lugar de publicación, distribución, etc. | Revista de Universidad |
| 260 ## - PIE DE IMPRENTA | |
| Fecha de publicación, distribución, etc. | 1974 |
| 300 ## - DESCRIPCIÓN FÍSICA | |
| Extensión | 219 páginas |
| 650 ## - Materia General | |
| Materia general | COSTA RICA |
| 650 ## - Materia General | |
| Materia general | GUANACASTE |
| 650 ## - Materia General | |
| Materia general | HISTORIA |
| 650 ## - Materia General | |
| Materia general | SOCIOLOGIA |
| 650 ## - Materia General | |
| Materia general | TEMPLOS |
| 650 ## - Materia General | |
| Materia general | MINAS DE ABANGARES |
| 650 ## - Materia General | |
| Materia general | CULTURA |
| 942 ## - Punto de Acceso Adicional Koha | |
| Tipo de ítem Koha | Libro |
| Estado perdido | Estado dañado | No para préstamo | Biblioteca permanente | Biblioteca actual | Signatura completa | Código de barras | Precio efectivo a partir del | Tipo de ítem |
|---|---|---|---|---|---|---|---|---|
| Departamento de Biblioteca y Documentación Alfonso Chase Brenes | Departamento de Biblioteca y Documentación Alfonso Chase Brenes | 972.866 H557c | 16059 | 08/09/2017 | Libro |